| 000 | 00763nam a2200241Ia 4500 | ||
|---|---|---|---|
| 005 | 20221103141210.0 | ||
| 008 | 131103s9999 xx 000 0 und d | ||
| 020 | _a0340012994 | ||
| 040 | _aLoreto College | ||
| 041 | _aEnglish | ||
| 082 |
_a142.78 _bFRA |
||
| 100 | _aFrankl, Viktor E. | ||
| 245 |
_aMan's search for meaning _b an introduction to logotherapy _cby Viktor E. Frankl Translated by Ilse Lasch. Preface by Gordon W Allport. Introduction by Leslie D Weatherhead |
||
| 260 |
_aAllahabad _bSt. Paul Press _c1974 |
||
| 300 |
_a144p. _b20 cm |
||
| 440 |
_aPractical Psychology Handbooks _v32 |
||
| 650 | _aPsychotherapy | ||
| 650 | _aExistentialism | ||
| 650 | _aLogotherapy | ||
| 700 |
_4tr. _aLasch, Ilse |
||
| 850 | _aLCLIB | ||
| 942 | _cBK | ||
| 999 |
_c23081 _d73560 |
||